000
00257nam a22001217a 4500
008
180207b xxu||||| |||| 00| 0 eng d
041
_a
eng
080
_a
616.34
100
_a
9
101
_a
GAS
245
_a
GASTROENTEROLOGY
_c
HENRY.L.B
942
_2
udc
_c
BK
999
_c
41980
_d
41980